LEADER 00861nam0-22003011i-450- 001 990002552080403321 035 $a000255208 035 $aFED01000255208 035 $a(Aleph)000255208FED01 035 $a000255208 100 $a20000920d1965----km-y0itay50------ba 101 0 $aENG 200 1 $aRandom Processes in Nonlinear Control Systems$fA.A. Pervozvanskii. 210 $aNew York$cAcademic Press$d1965. 215 $axv, 341 p.$d24 cm 225 1 $aMathematics in science and engineering$v15 610 0 $aTeoria del controllo 676 $a510 676 $a629 700 1$aPervozvanskii,$bA.A.$0347057 801 0$aIT$bUNINA$gRICA$2UNIMARC 901 $aBK 912 $a990002552080403321 952 $aMXVI-C-19$b81$fMAS 959 $aMAS 996 $aRandom Processes in Nonlinear Control Systems$9338346 997 $aUNINA DB $aING01 LEADER 01487nas 2200481- 450 001 996279573203316 005 20210927213032.0 011 $a2376-4562 035 $a(OCoLC)798811118 035 $a(CKB)2560000000085094 035 $a(CONSER)--2012203182 035 $a(DE-599)ZDB2684721-8 035 $a(EXLCZ)992560000000085094 100 $a20120711a20139999 --- a 101 0 $aeng 135 $aur||||||||||| 181 $ctxt$2rdacontent 182 $cc$2rdamedia 183 $acr$2rdacarrier 200 00$aIEEE transactions on emerging topics in computing 210 1$aNew York, N.Y. :$cInstitute of Electrical and Electronics Engineers 215 $a1 online resource 311 $a2168-6750 517 1 $aIEEE TETC 517 1 $aITETBT 531 0 $aIEEE trans. emerg. top. comput. 606 $aInformation technology$vPeriodicals 606 $aComputers$vPeriodicals 606 $aComputers$2fast$3(OCoLC)fst00872776 606 $aInformation technology$2fast$3(OCoLC)fst00973089 608 $aPeriodicals.$2fast 610 $aInformation Technology 615 0$aInformation technology 615 0$aComputers 615 7$aComputers. 615 7$aInformation technology. 676 $a004 712 02$aInstitute of Electrical and Electronics Engineers. 712 02$aIEEE Computer Society. 906 $aJOURNAL 912 $a996279573203316 996 $aIEEE transactions on emerging topics in computing$92580222 997 $aUNISA